Client and employee perceptions of Islamic banking in Saudi Arabia /
Saved in:
| Main Author: | |
|---|---|
| Format: | Thesis |
| Language: | English |
| Published: |
Durham, U.K. :
University of Durham,
2005
|
| Subjects: | |
| Tags: |
Add Tag
No Tags, Be the first to tag this record!
|
| LEADER | 011620000a22002770004500 | ||
|---|---|---|---|
| 008 | 110928t2005 xxka g m 000 0 eng | ||
| 040 | |a UIAM |b eng | ||
| 043 | |a e-uk--- | ||
| 050 | |a HG3263.A6 | ||
| 100 | 1 | |a Askar, Salih Rashed |9 117039 | |
| 245 | 1 | 0 | |a Client and employee perceptions of Islamic banking in Saudi Arabia / |c by Salih Rashed Al-Askar |
| 260 | |a Durham, U.K. : |b University of Durham, |c 2005 | ||
| 300 | |a xix, 289 p. : |b ill. ; |c 30 cm. | ||
| 336 | |2 rdacontent | ||
| 337 | |2 rdamedia | ||
| 338 | |2 rdacarrier | ||
| 500 | |a "A thesis submitted in fulfilment of the requirements of the full-time degree of Doctor of Philosophy." --On t. p. | ||
| 502 | |a Thesis (Ph. D.) -- University of Durham, 2005 | ||
| 504 | |a Includes bibliographical references (p. 240-254). | ||
| 650 | 0 | |a Banks and banking |z Saudi Arabia |9 47107 | |
| 650 | 0 | |a Banks and banking, Islamic |9 2310 | |
| 655 | 0 | 7 | |a Theses, Facsimile edition (Islamic) |9 117040 |
| 900 | |a hj-ls | ||
| 942 | |2 lcc |n 0 | ||
| 999 | |c 434459 |d 467069 | ||
| 952 | |0 0 |6 TI HG 003263 A6 A834C 2005 |7 0 |8 THESES |9 756703 |a IIUM |b IIUM |c MULTIMEDIA |g 640.00 |o ti HG 3263 A6 A834C 2005 |p 00011196843 |r 2017-10-23 |t 1 |v 640.00 |y THESIS | ||
